000 02049ngm a2200373 4500
003 dpl
005 20091117141341.0
007 DVD
008 ||||||sp199 xxu|||||c ||| 00| 0 ng d
010 _aDVD-004723-4727
024 _c45.00
035 _aDVD-004723-4727
040 _aDPL
_cDPL
082 _aDVD / HUMR
245 _aHumraaz
_cIndus Video Pvt. Ltd. Presents
_h[videorecording] DVD/
260 _bMoserbaer Entertainment
300 _a1 videodisc DVD;
_bsd., col. ;
_c4 3/4 in.
_fDVD
440 _aMoserbaer Home Entertainment
500 _aMoserbaer India Ltd. has obtained the necessary licence/conssent from the owner of the copyright in the wroks for making this DVD Film.
538 _aDolby Digital 5.1 - Hindi Subtitles: English
650 _aMotion Picture
700 _aAbbas Mastan
700 _aJain, Ganesh
700 _aDeol, Bobby
700 _aKhanna, Akshaye
700 _aPatel Amisha
942 _cCF
_2ddc
_hDVD
_mHUMR
999 _c31875
_d31875